00678nam a2200181 a 4500008004100000050001500041110005900056245007200115260006300187260006500250300001500315350000900330650004500339650001400384650003600398650005100434650001100485070827s2006 ||||||||||||||||| || u aHC 915 Zam aRepublic of Zambia. High Commission, New Delhi (India)10aZambia at 42cproduced by Zambia High Commission, New Delhi (India) aNew DelhibZambia High Commission, New Delhi (India)c2006 aNew DelhibHigh Commissioner of the Republic of Zambiac2006 a84p.: ill. a0.00 aECONOMIC INDICATORS--ZAMBIA--PERIODICALS 0aECONOMICS 0aZAMBIA--POLITICS AND GOVERNMENT aZAMBIA--ECONOMIC CONDITIONS--2006--PERIODICALS aZAMBIA